Reflection on Some Different BurningTopics: Analysis and Observation/ (Record no. 208205)

MARC details
000 -LEADER
fixed length control field 00644nam a22001937a 4500
005 - DATE AND TIME OF LATEST TRANSACTION
control field 20250108144954.0
010 ## - LCCN (DPL NO)
LC control number ENG-143234
020 ## - INTERNATIONAL STANDARD BOOK NUMBER
International Standard Book Number 9789389043785
Terms of availability 900.00
035 ## - SYSTEM CONTROL NUMBER
System control number EN-126766
037 ## - SOURCE OF ACQUISITION
Source of stock number/acquisition DBAD
082 ## - DEWEY DECIMAL CLASSIFICATION NUMBER
Classification number 323.4
245 ## - TITLE STATEMENT
Title Reflection on Some Different BurningTopics: Analysis and Observation/
Statement of responsibility, etc Edited by Siya Ram Shukla
250 ## - EDITION STATEMENT
Edition statement 1
260 ## - PUBLICATION, DISTRIBUTION, ETC. (IMPRINT)
Place of publication, distribution, etc New Delhi
Name of publisher, distributor, etc Satyam Publishing House
Date of publication, distribution, etc 2021
270 ## - ADDRESS
Address N-3/25, Mohan Garden, Uttam Nagar
City New Delhi
Postal code 110059
Telephone number 9899665801
Electronic mail address satyampub_2006@yahoo.com
300 ## - PHYSICAL DESCRIPTION
Extent 377p.
Dimensions 22cm(hb)
700 ## - ADDED ENTRY--PERSONAL NAME
Personal name Shukla, Siya Ram
9 (RLIN) 76097
942 ## - ADDED ENTRY ELEMENTS (KOHA)
Source of classification or shelving scheme Dewey Decimal Classification
Item type English Books
Call number suffix REF
Classification part 323.4
Holdings
Withdrawn status Lost status Not for loan Collection code Home library Current library Date acquired Source of acquisition Cost, normal purchase price Full call number Barcode Copy number Cost, replacement price Koha item type
      Non-fiction Kadipur Kadipur 08/01/2025 Delivery of Books Division 900.00 REF 323.4 EN-126766 1 900.00 English Books

© Delhi Public Library
Hit Counter
free hit counter